000 00262nam a22001097a 4500
008 211014b ||||| |||| 00| 0 eng d
050 _aPeriodical
245 _aZango
260 _aLusaka
_bUNZA Press
_c1977
300 _aNot specified
942 _2lcc
_cPERIODICAL
999 _c130879
_d130879